Nelinejnyje preobrazovanija slučajnych processov /
Uložené v:
| Hlavný autor: | |
|---|---|
| Ďalší autori: | |
| Médium: | Kniha |
| Jazyk: | Russian |
| Vydavateľské údaje: |
Moskva :
Sovetskoje radio,
1965
|
| Tagy: |
Žiadne tagy, Buďte prvý, kto otaguje tento záznam!
|
MARC
| LEADER | 00000nam a22000003a 4500 | ||
|---|---|---|---|
| 001 | stu35513 | ||
| 005 | 20150617225731.7 | ||
| 008 | 920427s1965----xxr-----------------rus-d | ||
| 040 | |a STU |b slo | ||
| 041 | 0 | |a rus | |
| 044 | |a xxr | ||
| 100 | 1 | |a Deutsch, Ralph |4 aut | |
| 245 | 1 | |a Nelinejnyje preobrazovanija slučajnych processov / |c [aut.]Ralph Deutsch; Z angl. Smirenin | |
| 260 | |a Moskva : |b Sovetskoje radio, |c 1965 | ||
| 300 | |a 206 s | ||
| 700 | 1 | |a Smirenin |4 trl | |
| 996 | |b 284M002422 |c M*4895-1 |l MMKN |s A |a 24 |w stu35513_0001 | ||